| 000 | 00480nam a2200145 a 4500 | ||
|---|---|---|---|
| 001 | 2842 | ||
| 003 | CDMR | ||
| 005 | 20130116135236.0 | ||
| 008 | 130130s1979||||||||||||||||||||||||||||d | ||
| 040 |
_aCDMR _bcat _cCDMR |
||
| 111 | 2 |
_aCongreso Español de Prensa Técnica _cBarcelona _d1978 _n2º _92094 |
|
| 245 | 1 | 0 |
_aMemoria del II Congreso Español de Prensa Técnica _bBarcelona, 18 y 19 de mayo de 1978 |
| 260 |
_aBarcelona _c1979 _bAsociación Española de Prensa Técnica |
||
| 942 | _cMON | ||
| 999 |
_c2842 _d2842 |
||